Регионална библиотека "Любен Каравелов" - Русе

[Ларус] Larousse - Фамилна енциклопедия (Запис номер 31377)

MARC детайли
000 -Лидер
Контролно поле с фиксирана дължина 02455nam a2200421 c 4500
003 - Код на организацията, давaща контролен номер
Контролно поле BLK
005 - Дата и час на последна редакция
Контролно поле 20180420220444.0
008 - Елементи от данни с фиксирана дължина
fixed length control field 180407b bul|||||r ||||||| ||bul||
010 ## - Наследен системен номер
LC control number KNG00034022000
020 ## - Международен стандартен номер на книга ISBN
Международен стандартен номер на книга ISBN 954-8517-16-7
-- издат.: Icon
020 ## - Международен стандартен номер на книга ISBN
Международен стандартен номер на книга ISBN 954-8517-19-1
-- издат.: Icon - на том(т. 3)
040 ## - Източник на каталожния запис
Идентификатор на билиотеката - собственик на записа BLK
041 ## - Код за език
Код за езика на текст/звукозапис или на отделно заглавие Български
Код за езика КДБФ Български
080 ## - УДК
Текстов определител УДК Общи енциклопедии. Енциклопедични речници. Научни справочници. Отраслови енциклопедии и справочници се класират в съответните отдели с определител за форма
УДК код - определител по УДК 03
УДК определител
УДК - код + определител 03
080 ## - УДК
Текстов определител УДК Звезди и звездни системи. Вселена - Космически лъчи, междузвездно пространство, Галактика, Млечен път, космология, извънгалактически системи
УДК код - определител по УДК 524
УДК определител (035)
УДК - код + определител 524(035)
080 ## - УДК
Текстов определител УДК Наука. Наукознание. Организация на умствения труд
УДК код - определител по УДК 001
УДК определител (035)
УДК - код + определител 001(035)
139 ## - Редно поле
Редна дума [Ларус] Larousse - Фамилна енциклопедия
Авторски знак Лар - Л 25
245 10 - Сведения за заглавието
Заглавие [Ларус] Larousse - Фамилна енциклопедия
Подзаглавни данни В 11 т.
Редно поле (дума) прев. от фр. на том Милен Атанасов; прев. от фр. на том Таня Гидие.
Том Т. 3
Заглавие на том Земята, Вселената, Открития
257 ## - Страна на издаване
Страна на създаване/издаване Франция
260 ## - Област на издателските данни
-- София
Име на издателя, разпространителя и проч. Icon
Година на издаване 1999 -
Печатница За том: София : Д. Благоев
300 ## - Физическа характеристика
Размери/Мащаб 25 см
380 ## - Жанр
Жанр Общ отдел
650 #4 - Допълнително описание по предмет – тема
Основно описание – тема или топоним Земя [планета] - енциклопедии
9 (RLIN) 265223
650 #4 - Допълнително описание по предмет – тема
Основно описание – тема или топоним Космология - енциклопедии
9 (RLIN) 266880
650 #4 - Допълнително описание по предмет – тема
Основно описание – тема или топоним Научни открития - енциклопедии
9 (RLIN) 271456
653 ## - Ключова дума – ненормативна
Ключова дума Земя
653 ## - Ключова дума – ненормативна
Ключова дума енциклопедии
653 ## - Ключова дума – ненормативна
Ключова дума Вселена
653 ## - Ключова дума – ненормативна
Ключова дума открития
700 1# - Други автори (авторска отговорност)
Лично име Атанасов, Милен
Автороска отговорност (Описва отношението между автора и произведението) прев. от фр. на том
9 (RLIN) 259880
700 1# - Други автори (авторска отговорност)
Лично име Гидие, Таня
Автороска отговорност (Описва отношението между автора и произведението) прев. от фр. на том
9 (RLIN) 54000
760 1# - Описание на основната серия
-- - на том(т. 3)
Място на издаване, издател и година Icon, 2000
Страници - том 240 с. : с цв. ил., к., сх.
Забележка - том 2 000 тир.
Заглавие Т. 3 Земята, Вселената, Открития
852 ## - Местоположение
Форматна сигнатура Цб 202571
856 4# - Електронен адрес и достъп
Електронен формат pdf - файл
Път до файла /url/
856 4# - Електронен адрес и достъп
Електронен формат pdf - файл
Път до файла /url/
942 ## - АРТИКУЛИ
Вид на библиотечния материал Книги
Скрит в OPAC Не
944 ## - СЪЗДАВАНЕ И РЕДАКЦИЯ на ЗАПИСА
Създаване/Редакция Създаване
Дата на регистрацията/редакция 15.01.2003
Статус, дата на статуса ф /
Служител, извършил регистрацията/редакцията Людмила_Стоянова
944 ## - СЪЗДАВАНЕ И РЕДАКЦИЯ на ЗАПИСА
Създаване/Редакция Редакция
Дата на регистрацията/редакция 06.01.2015
Статус, дата на статуса ф /
Служител, извършил регистрацията/редакцията Геновева_Генчева
999 ## - СИСТЕМНИ КОНТРОЛНИ НОМЕРА
Koha biblionumber 31377
Koha biblioitemnumber 31377
Наличности
Код за отписване Код за изгубен артикул Източник на класификационната схема Код за повреда Коз за рестрикции Код за отдаване Артикулен № Име на библиотеката - собственик Име на библиотеката, в която се намира в момента Статус (Текущо местоположение) Дата на вписване в системата Местоположение - отдел Цена в лева Инвентарен номер Систематично азбучна сигнатура Баркод Номер на екземпляра Цена в евро Служебна бележка Служебен тип на артикула
  Не е изгубен Universal Decimal Classification Не е повреден без рестрикции ползва се в читалня 50010 Регионална библиотека "Любен Каравелов" Русе Регионална библиотека "Любен Каравелов" Русе Детски отдел - справочен фонд 2000-01-01 Детски отдел - справочен фонд 25.00 659832 СД 0/Л 25 120000659832 1 12.78 Дост: Pk Вид: Ф N: стар фонд Дата: 01.01.2000 Дата инв: 20.11.2017 Бележки инв: СД2017 Книги
  Не е изгубен Universal Decimal Classification Не е повреден без рестрикции ползва се в читалня 50011 Регионална библиотека "Любен Каравелов" Русе Регионална библиотека "Любен Каравелов" Русе Читалня - справочен фонд 2004-05-19 Читалня 25.00 120000685619 СЧ 03/Л 25 120000685619 2 12.78 Дост: Pk Вид: Ф N: 8874 Дата: 18.05.2004 Дата инв: 21.03.2017 Бележки инв: СЧ2017 Книги
  Не е изгубен   Не е повреден без рестрикции ползва се в читалня 50012 Регионална библиотека "Любен Каравелов" Русе Регионална библиотека "Любен Каравелов" Русе Хранилище 2012-10-23 Основен фонд - ползва се само за читалня 25.00 120000760658 Цб 202571 120000760658 3 12.78 Дост: DA Вид: А N: 19 Дата: 19.10.2012 Книги
Vip Innovations Ltd, Rousse, Bulgaria 2025